Underground Rappers/Characters Quiz (Face to Name) - Statistics

General Stats
  • This quiz has been taken 513 times
  • The average score is 12 of 19
Answer Stats
Picture Answer % Correct
Ken Carson
96%
Nettspend
95%
Destroy Lonely
89%
Osamason
89%
Lucki
86%
Dave Blunts
84%
Lazer Dim 700
81%
Che
80%
Summrs
79%
1oneam
74%
Autumn
74%
Fruitsnacks
57%
Kankan
55%
Izaya Tiji
44%
Duwap Kaine
25%
Nino Paid
24%
Slimesito
17%
TwistyP
17%
Bobbalam
11%
No matching quizzes found
Score Distribution
Percent of People with Each Score
Percentile by Number Answered
Your Score History
You have not taken this quiz